[Event "Gp A"]
[Site "Cap d'Agde FRA"]
[Date "2002.10.24"]
[Round "1"]
[White "Hamdouchi,H"]
[Black "Tkachiev,V"]
[Result "1/2-1/2"]
[WhiteElo "2593"]
[BlackElo "2632"]
[EventDate "2002.10.24"]

1. e4 e5 2. Bc4 Nf6 3. d3 Nc6 4. Nf3 Bc5 5. c3 d6 6. Bb3 h6 7. Nbd2 a6 8.
Nf1 Ba7 9. Ng3 O-O 10. O-O Re8 11. h3 Be6 12. Re1 Bxb3 13. Qxb3 Rb8 14. Nf5
d5 15. Qc2 Qd7 16. N3h4 Re6 17. Qe2 dxe4 18. dxe4 Rd8 19. Qf3 Qd3 20. Be3
Bxe3 21. Rxe3 Qc2 22. Re2 Qd3 23. Re3 1/2-1/2

[Event "Gp A"]
[Site "Cap d'Agde FRA"]
[Date "2002.10.24"]
[Round "2"]
[White "Tkachiev,V"]
[Black "Lautier,J"]
[Result "1-0"]
[WhiteElo "2632"]
[BlackElo "2665"]
[EventDate "2002.10.24"]

1. Nf3 c5 2. e4 Nc6 3. Bb5 g6 4. Bxc6 dxc6 5. d3 Bg7 6. h3 Nf6 7. Nc3 O-O
8. O-O Ne8 9. Be3 b6 10. Qd2 e5 11. a3 Nc7 12. b4 cxb4 13. axb4 Ne6 14. Ne2
Qc7 15. Bh6 c5 16. Bxg7 Kxg7 17. bxc5 Nxc5 18. Nh2 f5 19. exf5 Bxf5 20. Ng3
Ne6 21. Nxf5+ Rxf5 22. Ng4 Nf4 23. Rfe1 h5 24. Ne3 Rf7 25. f3 Rd8 26. Qf2
Rdd7 27. Nc4 Rf5 28. Kh1 b5 29. Ne3 Rf6 30. Reb1 a6 31. Rb4 Rd4 32. Rxd4
exd4 33. Nf1 Qc3 34. Re1 Re6 35. Re4 Rxe4 36. fxe4 g5 37. h4 Qc5 38. Ng3
Kg6 39. Nf5 Ne6 40. hxg5 Qe5 41. Nh4+ Kg7 42. g6 Qf4 43. Nf5+ Kxg6 44. Qxf4
Nxf4 45. Nxd4 Kg5 46. Kg1 Kg4 47. Kf2 h4 48. Nc6 Ne6 49. d4 Kf4 50. d5 Nc5
51. e5 Ne4+ 52. Kg1 Kf5 53. Kh2 a5 54. e6 a4 55. Nb4 Kf6 56. Kh3 Nc3 57.
Kxh4 a3 58. g4 a2 59. g5+ Ke7 60. Nxa2 Nxd5 61. Nc1 Kxe6 62. Kh5 1-0

[Event "Gp A"]
[Site "Cap d'Agde FRA"]
[Date "2002.10.24"]
[Round "2"]
[White "Morovic Fernandez,I"]
[Black "Karpov,An"]
[Result "1/2-1/2"]
[WhiteElo "2549"]
[BlackElo "2688"]
[EventDate "2002.10.24"]

1. e4 c6 2. d4 d5 3. Nc3 dxe4 4. Nxe4 Bf5 5. Ng3 Bg6 6. h4 h6 7. Nf3 Nd7 8.
h5 Bh7 9. Bd3 Bxd3 10. Qxd3 e6 11. Bf4 Qa5+ 12. Bd2 Bb4 13. Ne4 Ngf6 14.
Nd6+ Ke7 15. Nxb7 Bxd2+ 16. Nxd2 Qb4 17. Qb3 Qxd4 18. O-O-O Rhb8 19. Qa3+
c5 20. Na5 Rc8 21. Ndc4 Qxf2 22. Nd6 Rc7 23. Nb5 Rcc8 24. Nd6 Rc7 25. Nb5
Rcc8 26. Nd6 1/2-1/2

[Event "Gp A"]
[Site "Cap d'Agde FRA"]
[Date "2002.10.25"]
[Round "3"]
[White "Adianto,U"]
[Black "Morovic Fernandez,I"]
[Result "1/2-1/2"]
[WhiteElo "2562"]
[BlackElo "2549"]
[EventDate "2002.10.24"]

1. e4 e6 2. d4 d5 3. Nc3 Bb4 4. e5 Ne7 5. h4 c5 6. a3 cxd4 7. axb4 dxc3 8.
Nf3 Nd7 9. Ra3 Nc6 10. Rxc3 Nxb4 11. h5 Na2 12. h6 g6 13. Re3 Nxc1 14. Qxc1
O-O 15. Bd3 f5 16. Nd4 Nc5 17. b4 Nxd3+ 18. Rxd3 Bd7 19. O-O Rc8 20. Qd2
Rc4 21. Ra1 a6 22. c3 Qc7 23. Re1 b6 24. Nf3 Rc8 25. Rxd5 exd5 26. Qxd5+
Kh8 27. e6 Be8 28. e7 Rg4 29. Ne5 Qxc3 30. Rd1 Re4 31. Nf7+ Bxf7 32. Qxf7
Re1+ 33. Rxe1 Qxe1+ 34. Kh2 Qe5+ 35. g3 Rg8 36. Qf8 Qd6 37. Qxg8+ Kxg8 38.
e8=Q+ Qf8 39. Qe6+ Kh8 40. Qe5+ Kg8 41. Qe6+ Kh8 1/2-1/2

[Event "Gp A"]
[Site "Cap d'Agde FRA"]
[Date "2002.10.25"]
[Round "4"]
[White "Morovic Fernandez,I"]
[Black "Lautier,J"]
[Result "1/2-1/2"]
[WhiteElo "2549"]
[BlackElo "2665"]
[EventDate "2002.10.24"]

1. e4 c5 2. Nf3 Nc6 3. d4 cxd4 4. Nxd4 Nf6 5. Nc3 e5 6. Ndb5 d6 7. Bg5 a6
8. Na3 b5 9. Bxf6 gxf6 10. Nd5 f5 11. c3 Bg7 12. exf5 Bxf5 13. Nc2 Be6 14.
g3 O-O 15. Bg2 a5 16. O-O f5 17. Nf4 exf4 18. Bxc6 fxg3 19. hxg3 f4 20. Bd5
Qc8 21. Re1 Bxd5 22. Qxd5+ Kh8 23. Nd4 fxg3 24. fxg3 Qh3 25. Qg2 Bxd4+ 26.
cxd4 Qg4 27. Re4 Qg7 28. Rae1 Rac8 29. Kh1 b4 30. Qh3 Rc2 31. Re8 Qf7 32.
Rxf8+ Qxf8 33. Qh5 Rc8 34. Kg2 1/2-1/2

[Event "Gp A"]
[Site "Cap d'Agde FRA"]
[Date "2002.10.25"]
[Round "4"]
[White "Hamdouchi,H"]
[Black "Adianto,U"]
[Result "0-1"]
[WhiteElo "2593"]
[BlackElo "2562"]
[EventDate "2002.10.24"]

1. e4 d5 2. exd5 Nf6 3. Bb5+ Bd7 4. Be2 Nxd5 5. d4 Bf5 6. Nf3 e6 7. O-O Be7
8. a3 O-O 9. c4 Nb6 10. Nc3 Nc6 11. h3 Bf6 12. Be3 Bg6 13. b4 e5 14. dxe5
Nxe5 15. Nxe5 Bxe5 16. Qb3 Qf6 17. Rac1 c6 18. b5 Rfe8 19. c5 Nd7 20. Rfd1
Nf8 21. Bf3 Bc7 22. bxc6 bxc6 23. Ne2 Rac8 24. Qa4 Bb8 25. Bf4 Rxe2 26.
Bxb8 Rb2 27. Bg3 h6 28. Re1 Rd2 29. Be5 Qd8 30. Bxc6 Ne6 31. Bg3 Bc2 32.
Rxc2 Rxc2 33. Qxc2 Rxc6 34. Qa4 Rxc5 35. Qxa7 Qd2 36. Qa8+ Kh7 37. Qe4+ g6
38. Qe2 Qa5 39. Ra1 Qc3 40. Qe1 Qd3 41. Kh2 h5 42. h4 Qf5 43. a4 Ra5 44.
Qb4 Qc5 45. Qb7 Kg7 46. Qd7 Qf5 47. Ra3 Rd5 48. Qb7 Nc5 49. Qb2+ Kh7 50.
Rf3 Qd7 51. a5 Ne4 52. a6 Nd2 53. Qb7 0-1

[Event "Gp A"]
[Site "Cap d'Agde FRA"]
[Date "2002.10.26"]
[Round "5"]
[White "Karpov,An"]
[Black "Tkachiev,V"]
[Result "1/2-1/2"]
[WhiteElo "2688"]
[BlackElo "2632"]
[EventDate "2002.10.24"]

1. d4 Nf6 2. c4 e6 3. Nf3 b6 4. g3 Ba6 5. b3 Bb4+ 6. Bd2 Be7 7. Bg2 c6 8.
Bc3 d5 9. Nbd2 Nbd7 10. O-O O-O 11. Re1 Bb7 12. e4 dxe4 13. Nxe4 c5 14.
Nxf6+ Bxf6 15. Re3 Qc7 16. dxc5 1/2-1/2

[Event "Gp A"]
[Site "Cap d'Agde FRA"]
[Date "2002.10.26"]
[Round "5"]
[White "Lautier,J"]
[Black "Hamdouchi,H"]
[Result "0-1"]
[WhiteElo "2665"]
[BlackElo "2593"]
[EventDate "2002.10.24"]

1. d4 e6 2. c4 c5 3. d5 exd5 4. cxd5 d6 5. e4 g6 6. Nc3 Bg7 7. f4 Qh4+ 8.
g3 Qe7 9. Bg2 Nf6 10. Nge2 O-O 11. O-O Nbd7 12. h3 Rb8 13. a4 a6 14. g4 b5
15. axb5 axb5 16. Ng3 b4 17. Nce2 Ne8 18. g5 Nb6 19. Qc2 Nc7 20. Ra5 Ba6
21. Rd1 b3 22. Qb1 Ra8 23. Ra1 Nb5 24. e5 dxe5 25. f5 Qd7 26. f6 Bh8 27.
Ne4 Nd4 28. Nxd4 cxd4 29. Rxa6 Rxa6 30. Nc5 Qa7 31. Nxa6 Qxa6 32. Qe4 Nd7
33. Bf1 Qd6 34. Bc4 Rb8 35. Bd2 Rc8 36. Bxb3 Nc5 37. Qg4 Rb8 38. Bc4 h5 39.
Qg3 Rxb2 40. Qa3 e4 41. Bf1 Rb3 42. Qa8+ Kh7 43. Qe8 Qxd5 44. Bf4 Rb7 45.
Qe5 Qxe5 46. Bxe5 Ne6 47. h4 d3 48. Bg2 Rb4 49. Kf2 e3+ 50. Kxe3 Rxh4 51.
Rxd3 Nxg5 52. Rd7 Rg4 53. Bd5 h4 54. Bxf7 Re4+ 55. Kd3 Rxe5 56. Bc4+ Kh6
57. f7 Bg7 58. Rd8 Rf5 0-1

[Event "Gp A"]
[Site "Cap d'Agde FRA"]
[Date "2002.10.26"]
[Round "6"]
[White "Tkachiev,V"]
[Black "Morovic Fernandez,I"]
[Result "1/2-1/2"]
[WhiteElo "2632"]
[BlackElo "2549"]
[EventDate "2002.10.24"]

1. d4 Nf6 2. c4 g6 3. Nc3 Bg7 4. e4 d6 5. Nf3 O-O 6. Be2 e5 7. O-O Nc6 8.
d5 Ne7 9. b4 Nh5 10. g3 f5 11. Ng5 Nf6 12. f3 f4 13. b5 fxg3 14. hxg3 h6
15. Ne6 Bxe6 16. dxe6 Qc8 17. Nd5 Qxe6 18. Nxc7 Qh3 19. Nxa8 Qxg3+ 20. Kh1
Qh3+ 21. Kg1 Qg3+ 1/2-1/2

[Event "Gp A"]
[Site "Cap d'Agde FRA"]
[Date "2002.10.26"]
[Round "6"]
[White "Bareev,E"]
[Black "Lautier,J"]
[Result "1-0"]
[WhiteElo "2737"]
[BlackElo "2665"]
[EventDate "2002.10.24"]

1. d4 g6 2. e4 Bg7 3. Nc3 d6 4. f4 a6 5. Nf3 b5 6. Bd3 Nd7 7. e5 e6 8. a4
b4 9. Ne4 d5 10. Nf2 c5 11. dxc5 Nxc5 12. Be2 Ne7 13. Be3 Qa5 14. Nd4 O-O
15. O-O Ne4 16. Qe1 Nf5 17. Nxf5 exf5 18. Bd4 Be6 19. Nxe4 dxe4 20. c3 bxc3
21. Qxc3 Qd5 22. a5 Rfc8 23. Qe3 Bf8 24. Rfd1 Qb7 25. Rac1 Qb4 26. Bb6 Qxb2
27. Rxc8 Rxc8 28. Bxa6 Bb3 29. Bd4 Qc2 30. Ra1 Rd8 31. Rc1 Qa2 32. Bb6 Rd2
33. Bf1 Be6 34. a6 Ba3 35. Re1 Bd5 36. Re2 Bb4 37. Rxd2 Bxd2 38. Qc5 Bxf4
39. Qe7 h5 40. e6 Bxe6 41. Bd4 Bh6 42. Qd8+ Bf8 43. Qf6 1-0

[Event "Gp A"]
[Site "Cap d'Agde FRA"]
[Date "2002.10.26"]
[Round "6"]
[White "Karpov,An"]
[Black "Adianto,U"]
[Result "1/2-1/2"]
[WhiteElo "2688"]
[BlackElo "2562"]
[EventDate "2002.10.24"]

1. d4 Nf6 2. c4 c5 3. d5 b5 4. cxb5 a6 5. bxa6 Bxa6 6. Nc3 d6 7. Nf3 g6 8.
e4 Bxf1 9. Kxf1 Nbd7 10. g3 Bg7 11. Kg2 O-O 12. h3 Nb6 13. Re1 Nfd7 14. Bf4
Qb8 15. Qe2 Na4 16. Nxa4 Rxa4 17. e5 Nb6 18. b3 Rxf4 19. gxf4 Nxd5 20. Qc4
e6 21. Rad1 dxe5 22. fxe5 Qa8 23. Qxc5 Nf4+ 24. Kg3 Nh5+ 25. Kg2 Nf4+ 26.
Kg3 1/2-1/2

[Event "Gp B"]
[Site "Cap d'Agde FRA"]
[Date "2002.10.24"]
[Round "1"]
[White "Fressinet,L"]
[Black "Nataf,IA"]
[Result "1/2-1/2"]
[WhiteElo "2619"]
[BlackElo "2553"]
[EventDate "2002.10.24"]

1. e4 c5 2. Nf3 e6 3. g3 d5 4. exd5 exd5 5. d4 Nf6 6. Bg2 Be7 7. O-O O-O 8.
dxc5 Bxc5 9. Bg5 Nc6 10. Nc3 Be6 11. Bxf6 Qxf6 12. Nxd5 Qxb2 13. Ng5 Bf5
14. Ne4 Bb6 15. Rb1 Qxa2 16. Nxb6 axb6 17. Rxb6 Rad8 18. Qh5 Bg6 19. Qc5
Nd4 20. Nd6 Ne6 21. Qc3 Qxc2 22. Qxc2 Bxc2 23. Re1 Nc5 24. Rc1 Na4 25. Rxb7
Bg6 26. Rc6 1/2-1/2

[Event "Gp B"]
[Site "Cap d'Agde FRA"]
[Date "2002.10.24"]
[Round "2"]
[White "Fressinet,L"]
[Black "Gurevich,M"]
[Result "1/2-1/2"]
[WhiteElo "2619"]
[BlackElo "2634"]
[EventDate "2002.10.24"]

1. e4 e6 2. d4 d5 3. Nc3 Nf6 4. Bg5 dxe4 5. Nxe4 Be7 6. Bxf6 Bxf6 7. Nf3
Nd7 8. Qd2 b6 9. O-O-O Bb7 10. Bd3 Qe7 11. Rhe1 O-O-O 12. Kb1 Kb8 13. Qe2
g6 14. Ba6 Ba8 15. c4 Bg7 16. Nc3 Qb4 17. a3 Qa5 18. Bb5 a6 19. Ba4 Nc5 20.
dxc5 Bxc3 21. Rxd8+ Rxd8 22. Rd1 Rxd1+ 23. Qxd1 Be4+ 24. Bc2 Bxc2+ 25. Qxc2
Bf6 26. cxb6 cxb6 27. Ka2 Qc5 1/2-1/2

[Event "Gp B"]
[Site "Cap d'Agde FRA"]
[Date "2002.10.25"]
[Round "3"]
[White "Onischuk,Al"]
[Black "Pelletier,Y"]
[Result "1-0"]
[WhiteElo "2649"]
[BlackElo "2587"]
[EventDate "2002.10.24"]

1. d4 Nf6 2. c4 e6 3. Nc3 Bb4 4. e3 c5 5. Nge2 b6 6. a3 Ba5 7. Bd2 O-O 8.
Rb1 Na6 9. d5 d6 10. f3 exd5 11. cxd5 Nh5 12. g3 f5 13. Bg2 Bd7 14. O-O b5
15. b4 cxb4 16. axb4 Bb6 17. Kh1 Nc7 18. e4 Qe7 19. Qc2 Rac8 20. Qd3 fxe4
21. Nxe4 Ne8 22. Nd4 Rc4 23. Ng5 Nef6 24. Nde6 Bxe6 25. Nxe6 Nxd5 26. Qxd5
Nf6 27. Qf5 Ne4 28. Nxf8 1-0

[Event "Gp B"]
[Site "Cap d'Agde FRA"]
[Date "2002.10.25"]
[Round "4"]
[White "Nataf,IA"]
[Black "Pelletier,Y"]
[Result "1-0"]
[WhiteElo "2553"]
[BlackElo "2587"]
[EventDate "2002.10.24"]

1. e4 e6 2. d4 d5 3. Nc3 Bb4 4. e5 Ne7 5. a3 Bxc3+ 6. bxc3 c5 7. Qg4 O-O 8.
Bd3 Nbc6 9. Qh5 Ng6 10. Nf3 Qc7 11. Be3 Nce7 12. h4 Bd7 13. Qg4 f5 14. Qh3
f4 15. Bd2 Nf5 16. O-O c4 17. Be2 Ba4 18. Ra2 Qe7 19. h5 Ngh4 20. Nh2 f3
21. Nxf3 Nxf3+ 22. Bxf3 Qf7 23. Bg4 h6 24. f4 Kh8 25. Be2 Ne7 26. Rb2 b6
27. Kh2 Qg8 28. Bg4 Nf5 29. Bd1 Ne7 30. Qh4 Rf7 31. Qg4 Nf5 32. Rb4 Bd7 33.
Rb1 Ba4 34. Rf2 Raf8 35. Qh3 Qh7 36. Qg4 Qg8 37. Rc1 Bd7 38. Be2 Ba4 39.
Qh3 Qh7 40. Qg4 Qg8 41. Qg6 Re7 42. Qg4 Ref7 43. Bd1 Bd7 44. Qh3 Qh7 45.
Bg4 Ba4 46. Be1 Bd7 47. Rd1 Ba4 48. Rdd2 Bd7 49. Rde2 Ba4 50. Rf1 Bd7 51.
Ref2 Bc8 52. Bd2 Bd7 53. Bc1 Re8 54. Rg1 Ba4 55. Bd1 Bd7 56. Rff1 Ne7 57.
g4 Bc8 58. Bd2 Ref8 59. Bc1 Re8 60. Qg3 Bd7 61. Qg2 Ba4 62. f5 exf5 63. g5
hxg5 64. Bxg5 Bd7 65. Rf4 Be6 66. Qh3 Ng8 67. h6 g6 68. Qh4 Ref8 69. Rg2
Rd7 70. Kg1 Rdf7 71. Kf2 Rd7 72. Kf1 Rdf7 73. Rg3 Rd7 74. Rg1 Rdf7 75. Ke1
Rd7 76. Rgf1 Rdf7 77. Kd2 Rd7 78. R4f2 Rdf7 79. Bf4 Rd7 80. Rg1 Rdf7 81.
Bf3 Rd7 82. Rfg2 Ne7 83. Qg5 Rf7 84. Qh4 Rf8 85. Bh5 1-0

[Event "Gp B"]
[Site "Cap d'Agde FRA"]
[Date "2002.10.25"]
[Round "4"]
[White "Fressinet,L"]
[Black "Bologan,V"]
[Result "1-0"]
[WhiteElo "2619"]
[BlackElo "2627"]
[EventDate "2002.10.24"]

1. e4 c5 2. Nf3 d6 3. d4 cxd4 4. Nxd4 Nf6 5. Nc3 a6 6. Be3 e5 7. Nb3 Be6 8.
f3 Nbd7 9. g4 h6 10. Qd2 Qc7 11. O-O-O b5 12. Kb1 Nb6 13. Qf2 Rb8 14. Bd3
Nc4 15. h4 Be7 16. Bc1 b4 17. Ne2 a5 18. g5 Nh5 19. f4 a4 20. f5 Bd7 21.
Qf3 g6 22. Nd2 Nxd2+ 23. Bxd2 Qb7 24. Bc4 Bb5 25. Bd5 Bc6 26. Bxf7+ Kxf7
27. fxg6+ Ke8 28. Qxh5 Kd7 29. Ng3 b3 30. Qg4+ Kd8 31. cxb3 axb3 32. Ba5+
Ke8 33. a3 h5 34. g7 Rg8 35. Qxh5+ Kd7 36. Qg4+ Ke8 37. h5 Bd7 38. Nf5 Qa6
39. h6 Qxa5 40. h7 1-0

[Event "Gp B"]
[Site "Cap d'Agde FRA"]
[Date "2002.10.25"]
[Round "4"]
[White "Gurevich,M"]
[Black "Gelfand,B"]
[Result "0-1"]
[WhiteElo "2634"]
[BlackElo "2704"]
[EventDate "2002.10.24"]

1. c4 e6 2. Nf3 d5 3. d4 Nf6 4. e3 c5 5. dxc5 Bxc5 6. a3 O-O 7. Nbd2 a5 8.
Be2 Nc6 9. O-O Qe7 10. b3 d4 11. exd4 Nxd4 12. Bb2 Nxe2+ 13. Qxe2 b6 14.
Ng5 Bb7 15. Nde4 Nxe4 16. Nxe4 Bxe4 17. Qxe4 Rad8 18. a4 Rd7 19. Rad1 Rfd8
20. Qg4 Bxf2+ 21. Kh1 f5 22. Qe2 Bc5 23. Rxd7 Qxd7 24. h3 h6 25. Re1 Kh7
26. Qe5 Qf7 27. Qe2 f4 28. Qg4 g5 29. Rxe6 Qxe6 30. Qxe6 Rd1+ 31. Kh2 Bg1+
0-1

[Event "Gp B"]
[Site "Cap d'Agde FRA"]
[Date "2002.10.26"]
[Round "5"]
[White "Gelfand,B"]
[Black "Nataf,IA"]
[Result "1/2-1/2"]
[WhiteElo "2704"]
[BlackElo "2553"]
[EventDate "2002.10.24"]

1. d4 Nf6 2. c4 g6 3. Nc3 Bg7 4. e4 d6 5. Nf3 O-O 6. Be2 e5 7. Be3 Ng4 8.
Bg5 f6 9. Bh4 g5 10. Bg3 Nh6 11. d5 Nd7 12. Nd2 f5 13. f3 Nf6 14. h3 Nh5
15. Bf2 Nf4 16. g3 Nxe2 17. Qxe2 c5 18. g4 f4 19. Kd1 Bf6 20. Kc2 Bd7 21.
Rhb1 a5 22. Rh1 Nf7 23. Ndb1 Kg7 24. Na3 1/2-1/2

[Event "Gp B"]
[Site "Cap d'Agde FRA"]
[Date "2002.10.26"]
[Round "6"]
[White "Fressinet,L"]
[Black "Pelletier,Y"]
[Result "1/2-1/2"]
[WhiteElo "2619"]
[BlackElo "2587"]
[EventDate "2002.10.24"]

1. e4 c5 2. Nf3 d6 3. d4 cxd4 4. Nxd4 Nf6 5. Nc3 a6 6. Be3 e5 7. Nb3 Be6 8.
f3 Nbd7 9. g4 Be7 10. Qd2 O-O 11. g5 Nh5 12. O-O-O Qc7 13. Kb1 b5 14. Nd5
Bxd5 15. exd5 Nb6 16. Na5 Nxd5 17. Qxd5 Qxa5 18. c4 Rab8 19. Rg1 g6 20. Bd3
Ng7 21. cxb5 axb5 22. Rc1 Ne6 23. h4 Rfe8 24. h5 Bf8 25. Be4 Qa4 26. Rg4 b4
27. Bc2 Qd7 28. Bb3 Rb5 29. Qd3 d5 30. Ba4 Reb8 31. hxg6 hxg6 32. Bxb5 Rxb5
33. Rgc4 Ra5 34. Rc8 Kg7 35. Bb6 Rb5 36. Bf2 Nf4 37. Qf1 Rb7 38. Ka1 b3 39.
Qa6 Be7 40. Qa8 Bxg5 41. Rg8+ Kf6 42. Rd8 Qb5 43. a4 Qb4 44. Be1 Qb6 45.
Rdc8 Qa7 46. R1c6+ Kf5 47. Qxa7 Rxa7 48. a5 Nd3 49. R8c7 Rxc7 50. Rxc7 Nxe1
51. Rxf7+ Ke6 52. a6 Be3 53. Rb7 Bf2 54. Rxb3 Kd6 55. Kb1 e4 56. fxe4 dxe4
57. Rg3 Kc7 58. Rxg6 Nf3 59. Rg7+ Kb8 60. Kc2 Bd4 61. Re7 e3 62. Kd3 Ka8
63. b4 Bb6 64. b5 Nd4 65. Re8+ Ka7 66. Re7+ Ka8 67. Re8+ Ka7 68. Re7+ Ka8
69. Re8+ 1/2-1/2

[Event "Gp B"]
[Site "Cap d'Agde FRA"]
[Date "2002.10.26"]
[Round "6"]
[White "Gelfand,B"]
[Black "Bologan,V"]
[Result "1-0"]
[WhiteElo "2704"]
[BlackElo "2627"]
[EventDate "2002.10.24"]

1. d4 Nf6 2. c4 e6 3. Nf3 d5 4. Nc3 Be7 5. Bg5 h6 6. Bh4 O-O 7. e3 b6 8.
Bd3 dxc4 9. Bxc4 Bb7 10. O-O Ne4 11. Bg3 Nxg3 12. hxg3 Nd7 13. Qc2 c5 14.
d5 exd5 15. Nxd5 Nf6 16. Nc3 Qc8 17. Rad1 Qg4 18. e4 Qh5 19. Rfe1 Rad8 20.
e5 Rxd1 21. Qxd1 Rd8 22. Qb3 Ng4 23. Bd5 Ba6 24. Qa4 Bd3 25. Qxa7 Bg5 26.
e6 fxe6 27. Bxe6+ Kh8 28. Bxg4 Qxg4 29. Ne5 1-0

[Event "Gp B"]
[Site "Cap d'Agde FRA"]
[Date "2002.10.26"]
[Round "7"]
[White "Pelletier,Y"]
[Black "Gurevich,M"]
[Result "1-0"]
[WhiteElo "2587"]
[BlackElo "2634"]
[EventDate "2002.10.24"]

1. c4 e5 2. g3 Nf6 3. Bg2 d5 4. cxd5 Nxd5 5. Nc3 Nb6 6. Nf3 Nc6 7. O-O Be7
8. a3 O-O 9. b4 Be6 10. Rb1 f6 11. d3 a5 12. b5 Nd4 13. Nd2 Qc8 14. e3 Nf5
15. Qc2 Rd8 16. Bb2 c6 17. bxc6 bxc6 18. Rfc1 Qd7 19. Bf1 Rab8 20. Nce4
Rdc8 21. Nf3 Qe8 22. d4 exd4 23. Nxd4 Nxd4 24. Bxd4 c5 25. Nxc5 Bxc5 26.
Bxc5 Bd5 27. Qd1 Qe6 28. Rxb6 Rxb6 29. Bxb6 Rxc1 30. Qxc1 Qe4 31. f3 Qxf3
32. Qc8+ Kf7 33. Qc7+ Kg8 34. Qc8+ Kf7 35. Qc7+ Kg8 36. h4 h6 37. Qc8+ Kf7
38. Qc7+ Kg8 39. Qb8+ Kf7 40. Qf4 Qh1+ 41. Kf2 Qh2+ 42. Ke1 Qb2 43. Qd4
Qc1+ 44. Kf2 Qc2+ 45. Be2 Qf5+ 46. Qf4 Qb1 47. Qc7+ Kg6 48. h5+ Kh7 49. Bd4
Qf5+ 50. Qf4 Qb1 51. g4 Be4 52. Qc7 Kh8 53. Qxa5 Qb8 54. Qb5 Qa8 55. Bd3
Bd5 56. a4 Bg8 57. a5 Qh1 58. Qf5 Qh2+ 59. Kf1 Qh1+ 60. Kf2 Qh2+ 61. Ke1
Qh1+ 62. Kd2 Qg2+ 63. Be2 Qb7 64. Qb5 Qf7 65. a6 1-0